00432 2200157 4500001002100000008004100021035002000062245005800082100002400140260003200164300002200196020002200218084001400240082000800254990001200262INLIS000000000002887 IND  a0010-0925000234 aDan Cinta Pun Berkiblat Pada-NyacKurniawan Al-Isyhad aKurniawan Al-Isyhad aJakartabRumah Ornayec2014 a256c(13 x 19 cm) a978-602-1588-58-1 a813 AL- d a813 a0755109